000 00618nam a2200241 a 4500
001 nice12345678
003 IN_TiNIC
005 20260116011757.0
008 050524s1950 jaba grp 000 0 eng
020 _a
_c100
082 0 0 _a230.0954
_bIMM
100 _aImmanuel, Rajappan D
245 _aInfluence of Hinduism on Indian Christians
260 _aJabalpur
_bLeonard Theological College
_c1950
300 _a219p
500 _aincludes index and biblioraphy
505 2 _abibliography
650 _aTheology-India
700 1 _aImmanuel, Rajappan D
902 _bSRS
942 _cBK
999 _c3889
_d3889